Statistiques concernant Personnages Vinland Saga !

Cliquez ici pour prendre le quiz!

Statistiques générales

  • Ce quiz a été pris 126 fois
  • Le résultat moyen est 10 sur 57

Statistiques - réponses

Réponse% Correct
Thorfinn
95%
Thors
90%
Thorkell
76%
Askeladd
75%
Knut
68%
Serpent
68%
Einar
54%
Leif
48%
Bjorn
45%
Floki
43%
Ragnar
31%
Renard
31%
Gros Yeux
25%
Ylva
25%
Ketil
24%
Sven
24%
Thorgil
23%
Arneis
21%
Helga
21%
Blaireau
14%
Gardar
14%
Ormar
13%
Oreille
12%
Halfdan
8%
Harald
6%
Drott
5%
Patel
5%
Torgrim
5%
Ari
4%
Gunnar
4%
Hjalti
4%
Sverker
4%
Willibald
4%
Anne
2%
Atli
2%
Jabbathe
2%
Sigvaldi
2%
Ake
1%
Asgeir
1%
Asser
1%
Emma
1%
Gratianus
1%
Lotta
1%
Lydia
1%
Roi Harald
1%
Thora
1%
Estrith
0%
Faxi
0%
Gorm
0%
Grimm
0%
Haldor
0%
Hordaland
0%
Magni
0%
Mols
0%
Oddny
0%
Sture
0%
Tore
0%

Distribution des résultats

Percentile par nombre de réponses

% des personnes avec chaque résultat

Votre développement - résultats

Vous n’avez pas pris ce quiz